The growth of world 1973 edition

সংরক্ষণ করুন:
গ্রন্থ-পঞ্জীর বিবরন
বিন্যাস: গ্রন্থ
ভাষা:Undetermined
প্রকাশিত: New York United Natuons 1975
বিষয়গুলি:
ট্যাগগুলো: ট্যাগ যুক্ত করুন
কোনো ট্যাগ নেই, প্রথমজন হিসাবে ট্যাগ করুন!
Thư viện lưu trữ: Trung tâm Học liệu Trường Đại học Cần Thơ
LEADER 00418nam a2200157Ia 4500
001 CTU_96484
008 210402s9999 xx 000 0 und d
082 |a 338 
082 |b G884/Vol.2 
245 4 |a The growth of world 1973 edition 
260 |a New York 
260 |b United Natuons 
260 |c 1975 
650 |a Industrial statistics 
904 |i M.Loan 
980 |a Trung tâm Học liệu Trường Đại học Cần Thơ